书目信息 |
| 题名: |
国际酒店与餐厅经典设计
|
|
| 作者: | 易 编著 | |
| 分册: | 2 | |
| 出版信息: | 北京 中国建筑工业出版社 2009.05 |
|
| 页数: | 252页 | |
| 开本: | 30cm | |
| 丛书名: | ||
| 单 册: | ||
| 中图分类: | TU247.4-64 | |
| 科图分类: | ||
| 主题词: | 饭店--fan dian--建筑设计--世界--图集 , 餐厅--can ting--建筑设计--世界--图集 | |
| 电子资源: | ||
| ISBN: | 978-7-112-10684-4 | |
| 000 | 01154nam0 2200265 450 | |
| 001 | 012009923046 | |
| 005 | 20090917193041.07 | |
| 010 | @a978-7-112-10684-4@b精装@dCNY258.00 | |
| 100 | @a20090917d2009 em y0chiy0120 ea | |
| 101 | 0 | @achi |
| 102 | @aCN@b110000 | |
| 105 | @aa z 000yy | |
| 106 | @ar | |
| 200 | 1 | @a国际酒店与餐厅经典设计@Aguo ji jiu dian yu can ting jing dian she ji@h2@d= Hotel & restaurant design@hNO.2@f(美) 罗杰·易编著@F(mei)luo jie·yi bian zhu@zeng |
| 210 | @a北京@c中国建筑工业出版社@d2009.05 | |
| 215 | @a252页@c图@d30cm | |
| 306 | @a美国VRP出版社授权出版 | |
| 330 | @a本书所选的项目都是世界一流的建筑师、室内设计师在世界各地具有代表性的杰出案例。本书涉及的范围比较广泛,从五星级酒店到邻里咖啡厅,从城市中心区到海滨度假区,从室内到室外餐厅,可以满足不同层次的消费者的需求,为人们工作之后提供一个休闲、娱乐、放松、聚会的场所。 | |
| 510 | 1 | @aHotel & restaurant design@zeng |
| 606 | 0 | @a饭店@Afan dian@x建筑设计@y世界@j图集 |
| 606 | 0 | @a餐厅@Acan ting@x建筑设计@y世界@j图集 |
| 690 | @aTU247.4-64@v4 | |
| 701 | 0 | @a易@Ayi@g(Yee, Roger)@4编著 |
| 801 | 0 | @aCN@bQSSK@c20090917 |
| 905 | @b754812@dTU247.4-64@eY546:2@f1 | |
| 国际酒店与餐厅经典设计.2= Hotel & restaurant design.NO.2/(美) 罗杰·易编著.-北京:中国建筑工业出版社,2009.05 |
| 252页:图;30cm |
| ISBN 978-7-112-10684-4(精装):CNY258.00 |
| 本书所选的项目都是世界一流的建筑师、室内设计师在世界各地具有代表性的杰出案例。本书涉及的范围比较广泛,从五星级酒店到邻里咖啡厅,从城市中心区到海滨度假区,从室内到室外餐厅,可以满足不同层次的消费者的需求,为人们工作之后提供一个休闲、娱乐、放松、聚会的场所。 |
| ● |
| 相关链接 |
|
|
|
正题名:国际酒店与餐厅经典设计
索取号:TU247.4-64/Y546:2
 
预约/预借
| 序号 | 登录号 | 条形码 | 馆藏地/架位号 | 状态 | 备注 |
| 1 | 754812 | 207548126 | 建筑库101/101建筑库 71排2列3层/ [索取号:TU247.4-64/Y546:2] | 在馆 |